000 00277nam a22001337a 4500
008 210518b ||||| |||| 00| 0 eng d
041 _aeng
080 _a54
082 _a54
100 _a12
101 _aKIM
245 _aQuantum Chemistry
_cQuarrie,D.A
942 _2udc
_cBK
999 _c57402
_d57402